Catálogo público

Evaluación de la restauración ecológica con Caesalpinia platyloba, en Imala Sin. / (Record no. 218699)

MARC details
000 -CABECERA
campo de control de longitud fija 03474nam a2200277 a 4500
003 - IDENTIFICADOR DEL NÚMERO DE CONTROL
campo de control OSt
005 - FECHA Y HORA DE LA ÚLTIMA TRANSACCIÓN
campo de control 20251111113105.0
007 - CAMPO FIJO DE DESCRIPCIÓN FÍSICA--INFORMACIÓN GENERAL
campo de control de longitud fija cr ||||||a|c|a
008 - DATOS DE LONGITUD FIJA--INFORMACIÓN GENERAL
campo de control de longitud fija 230508s2019 mx a|||fom||| 001 0 spa d
040 ## - FUENTE DE LA CATALOGACIÓN
Normas de descripción rda
100 ## - ENTRADA PRINCIPAL--NOMBRE DE PERSONA
9 (RLIN) 186927
Nombre de persona Hernández Cuevas, Nicolás
245 10 - MENCIÓN DE TÍTULO
Título Evaluación de la restauración ecológica con Caesalpinia platyloba, en Imala Sin. /
Mención de responsabilidad, etc. por Nicolás Hernández Cuevas; director de tesis Alejandro S. Sánchez Vélez.
264 #1 - PRODUCCIÓN, PUBLICACIÓN, DISTRIBUCIÓN, FABRICACIÓN Y COPYRIGHT
Producción, publicación, distribución, fabricación y copyright Chapingo, México :
Nombre del de productor, editor, distribuidor, fabricante El autor,
Fecha de producción, publicación, distribución, fabricación o copyright 2019.
300 ## - DESCRIPCIÓN FÍSICA
Extensión 1 recurso en línea (125 páginas):
Otras características físicas figuras, cuadros.
336 ## - TIPO DE CONTENIDO
Fuente rdacontent
Término de tipo de contenido texto
Código de tipo de contenido txt
337 ## - TIPO DE MEDIO
Fuente rdamedia
Nombre/término del tipo de medio computadora
Código del tipo de medio c
338 ## - TIPO DE SOPORTE
Fuente rdacarrier
Nombre/término del tipo de soporte recurso en línea
Código del tipo de soporte cr
502 ## - NOTA DE TESIS
Tipo de título Ingeniería Forestal
Nombre de la institución que otorga el título División de Ciencias Forestales,
Año de obtención del título 2019.
Información miscelánea Licenciatura
504 ## - NOTA DE BIBLIOGRAFÍA, ETC.
Nota de bibliografía, etc. Incluye referencias bibliográficas: páginas 100-109.
520 ## - SUMARIO, ETC.
Sumario, etc. La presente evaluación se realizó en el ejido Imala, dentro de la subcuenca Rio Tamazula, cuenca Rio Culiacán, perteneciente a la región hidrológica número 10 Sinaloa, ubicada en el municipio de Culiacán, Sinaloa, México. Las microcuencas que se encuentran dentro del área de estudio, son las siguientes; Imala, Los Brasiles, Cofradía Imala, El Capule, Quebrada de los Pochotes y Dos Hermanos. La superficie total del ejido Imala es de 5,556.64 ha y del conjunto de microcuencas delimitadas en el área de estudio es de 4,038.71 ha, con una precipitación media anual de 758.6 mm y una temperatura media anual de 25.4°C, con un clima cálido subhúmedo como dominante en la zona, se encuentra cuatro tipos de suelos los cuales son el regosol eútrico, vertisol crómico, fluvisol eútrico y el leptosol. El uso de suelo predominante es Bosque tropical caducifolio con una superficie de 4,056.98 ha y la principal actividad economía del área de estudio es la ganadera conjuntamente con el turismo. La población actual es de 434 habitantes en el ejido y cuenta con siete comunidades. La restauración ecológica en las parcelas con Caesalpinia playloba se estimó un 30.76% de índice sobrevivencia en las plantas y una proporción estimada de árboles muertos del 69.33%. De acuerdo al muestreo en total fueron 216 sitios a evaluar, con 2,168 árboles plantados (vivos y muertos), lo cual solo 665 árboles vivos se encontraron en los sitios muestreados. En el repoblamiento forestal en cercos el resultado obtenido de acuerdo a los 7 sitios muestreados fue de 91.86% de índice de sobrevivencia (113 árboles vivos) y 8.13% de mortandad (10 árboles muertos). El estado fitosanitario de las plantas vivas en el muestreo de parcelas restauradas se encuentra en un estado sano o en buena condición libre de plagas y enfermedades. En cuanto al estado nutricional 71 plantas vivas de 665 presentan un mal estado nutricional, marchitez, falta de nutrientes y estrés, las demás plantas se ubican en un estado nutricional vigorosa o regular. En el muestreo del repoblamiento forestal de cercos, las plantas vivas presentan un estado sano, libre de plagas y enfermedades, en cuanto al estado nutricional 21 plantas vivos de 123 presentan un déficit en nutrientes y el resto se ubica en una estado regular o vigoroso.
650 #4 - PUNTO DE ACCESO ADICIONAL DE MATERIA--TÉRMINO DE MATERIA
9 (RLIN) 186929
Término de materia o nombre geográfico como elemento de entrada Caesalpinia platyloba
Subdivisión general Aprovechamiento
650 #4 - PUNTO DE ACCESO ADICIONAL DE MATERIA--TÉRMINO DE MATERIA
9 (RLIN) 125157
Término de materia o nombre geográfico como elemento de entrada Restauración ecológica
700 1# - PUNTO DE ACCESO ADICIONAL--NOMBRE DE PERSONA
9 (RLIN) 107932
Nombre de persona Sánchez Vélez, Alejandro S.
Término indicativo de función/relación director.
856 ## - LOCALIZACIÓN Y ACCESO ELECTRÓNICOS
Identificador Uniforme del Recurso http://10.13.5.2/tesis/tl/Hernandez_Cuevas_Nicolas.pdf
Nota pública DESCARGAR PDF
942 ## - ELEMENTOS DE PUNTO DE ACCESO ADICIONAL (KOHA)
Fuente del sistema de clasificación o colocación Clasificación Universidad Autónoma Chapingo
Tipo de ítem Koha Tesis digital
Holdings
Estado de retiro Estado de pérdida Fuente del sistema de clasificación o colocación Estado dañado Restricciones de uso No para préstamo Código de colección Localización permanente Ubicación/localización actual Ubicación en estantería Fecha de adquisición Total de préstamos Signatura topográfica completa Fecha visto por última vez Precio válido a partir de Tipo de ítem Koha
    Clasificación Universidad Autónoma de Chapingo   Préstamo interno   Tesis digitales de Licenciatura Biblioteca Digital Biblioteca Digital En línea 08/05/2023   Tesis digital 08/05/2023 08/05/2023 Tesis digital